| 000 | 00709nam a22001577a 4500 | ||
|---|---|---|---|
| 003 | OSt | ||
| 005 | 20150923105544.0 | ||
| 008 | 150923b xxu||||| |||| 00| 0 eng d | ||
| 040 | _cRUA | ||
| 082 | _aAGR SRE 2010 B045 Or.1 | ||
| 100 |
_91172 _aSRENG, LEANGCHENG. |
||
| 245 | _aeffect of plant density on growth and yield of mungbean at royal university of agriculture (ឥទ្ធិពលនៃដង់ស៊ីតេដំណាំលើការលូតលាស់និង ទិន្នផលសណ្តែកបាយនៅសាកលវិទ្យាល័យភូមិន្ទកសិកម្ម) | ||
| 260 |
_aPhnom Penh _bRUA _c2010 |
||
| 300 |
_aix, 39p. _bill. _c29cm. |
||
| 942 |
_2ddc _cAGR |
||
| 999 |
_c1115 _d1115 |
||